| 000 -LEADER |
| fixed length control field |
01041cam a2200253 a 4500 |
| 001 - CONTROL NUMBER |
| control field |
1191182 |
| 005 - DATE AND TIME OF LATEST TRANSACTION |
| control field |
20221116144331.0 |
| 008 - FIXED-LENGTH DATA ELEMENTS--GENERAL INFORMATION |
| fixed length control field |
970825s1997 enka 001 0 eng d |
| 010 ## - LIBRARY OF CONGRESS CONTROL NUMBER |
| LC control number |
97187305 |
| 020 ## - INTERNATIONAL STANDARD BOOK NUMBER |
| International Standard Book Number |
0521559286 (with answers) x |
| 020 ## - INTERNATIONAL STANDARD BOOK NUMBER |
| International Standard Book Number |
0521559278 (without answers)x |
| 042 ## - AUTHENTICATION CODE |
| Authentication code |
lccopycat |
| 080 ## - UNIVERSAL DECIMAL CLASSIFICATION NUMBER |
| Universal Decimal Classification number |
811.111 M-96 |
| 100 1# - MAIN ENTRY--PERSONAL NAME |
| Personal name |
Murphy, Raymond. |
| 9 (RLIN) |
2082 |
| 245 10 - TITLE STATEMENT |
| Title |
Essential grammar in use : |
| Remainder of title |
a self-study reference and practice book for elementary students of English : with answers / |
| Statement of responsibility, etc. |
Raymond Murphy. |
| 250 ## - EDITION STATEMENT |
| Edition statement |
2nd ed., New ed. |
| 264 ## - PRODUCTION, PUBLICATION, DISTRIBUTION, MANUFACTURE, AND COPYRIGHT NOTICE |
| Place of production, publication, distribution, manufacture |
New York, NY, USA : |
| Name of producer, publisher, distributor, manufacturer |
Cambridge University Press, |
| Date of production, publication, distribution, manufacture, or copyright notice |
1997. |
| 300 ## - PHYSICAL DESCRIPTION |
| Extent |
300 p. : |
| Other physical details |
ill. ; |
| Dimensions |
25 cm. |
| 500 ## - GENERAL NOTE |
| General note |
Includes index. |
| 650 #0 - SUBJECT ADDED ENTRY--TOPICAL TERM |
| Topical term or geographic name entry element |
English language |
| General subdivision |
Study and teaching (Elementary) |
| -- |
Foreign speakers. |
| 9 (RLIN) |
2085 |
| 650 #0 - SUBJECT ADDED ENTRY--TOPICAL TERM |
| Topical term or geographic name entry element |
Language arts (Elementary) |
| 9 (RLIN) |
2086 |
| 653 ## - INDEX TERM--UNCONTROLLED |
| keyword |
ინგლისური ენის ელემენტარული გრამატიკა მასწავლებლიასთვის |
| 942 ## - ADDED ENTRY ELEMENTS (KOHA) |
| Source of classification or shelving scheme |
|
| Koha item type |
წიგნი |